000 00314nam a22001337a 4500
008 170508b xxu||||| |||| 00| 0 eng d
020 _ax000p439ev
041 _aeng
080 _a343.9
100 _a14
101 _aSHJ
245 _aKEY ISSUES IN CRIMINAL CAREER RESEARCH
_cPIQUE.A.R
942 _2udc
_cBK
999 _c12888
_d12888